Loading...
| Science - Other | 1 | 4 | 1 | 2 | 50 | 61 | 112.80 | 1 | 5 | 0.00 | 0.00 |
| Social Science | 1 | 3 | 0 | 1 | 45 | 49 | 96.50 | 1 | 4 | 0.00 | 0.00 |
| Literature - British | 2 | 1 | 0 | 0 | 40 | 47 | 78.00 | 2 | 3 | 0.00 | 0.00 |
| Literature - European | 0 | 4 | 0 | 0 | 40 | 113 | 127.25 | 0 | 4 | 0.00 | 0.00 |
| Fine Arts - Visual | 1 | 2 | 0 | 1 | 35 | 76 | 127.00 | 3 | 3 | 0.00 | 0.00 |
| Literature - World | 1 | 2 | 0 | 0 | 35 | 56 | 107.67 | 1 | 3 | 0.00 | 0.00 |
| Fine Arts - Other | 0 | 3 | 0 | 0 | 30 | 104 | 121.67 | 2 | 3 | 0.00 | 0.00 |
| Science - Chemistry | 0 | 3 | 0 | 1 | 30 | 78 | 113.33 | 0 | 3 | 0.00 | 0.00 |
| Literature - American | 1 | 2 | 1 | 1 | 30 | 64 | 115.67 | 1 | 3 | 0.00 | 0.00 |
| History - American | 1 | 1 | 0 | 0 | 25 | 81 | 110.50 | 1 | 2 | 0.00 | 0.00 |
| Fine Arts - Auditory | 1 | 1 | 0 | 0 | 25 | 78 | 118.50 | 2 | 2 | 0.00 | 0.00 |
| Other Academic | 0 | 2 | 0 | 0 | 20 | 79 | 87.00 | 0 | 2 | 0.00 | 0.00 |
| Religion | 1 | 0 | 0 | 0 | 15 | 68 | 68.00 | 1 | 1 | 0.00 | 0.00 |
| Science - Physics | 0 | 2 | 1 | 0 | 15 | 104 | 110.00 | 1 | 2 | 0.00 | 0.00 |
| Mythology | 0 | 1 | 0 | 0 | 10 | 136 | 136.00 | 0 | 1 | 0.00 | 0.00 |
| History - Ancient | 0 | 1 | 0 | 0 | 10 | 128 | 128.00 | 0 | 1 | 0.00 | 0.00 |
| Philosophy | 0 | 1 | 0 | 0 | 10 | 130 | 130.00 | 1 | 1 | 0.00 | 0.00 |
| Science - Biology | 0 | 1 | 0 | 1 | 10 | 138 | 138.00 | 0 | 1 | 0.00 | 0.00 |
| History - World | 0 | 0 | 0 | 0 | 0 | 0.00 | 0 | 0 | 0.00 | 0.00 | |
| Geography | 0 | 0 | 0 | 0 | 0 | 0.00 | 0 | 0 | 0.00 | 0.00 | |
| History - Ancient/Other | 0 | 0 | 1 | 0 | -5 | 0.00 | 0 | 0 | 0.00 | 0.00 | |
| Current Events | 0 | 0 | 1 | 0 | -5 | 0.00 | 0 | 0 | 0.00 | 0.00 | |
| History - European | 0 | 0 | 1 | 0 | -5 | 0.00 | 0 | 0 | 0.00 | 0.00 |